000 00613 a2200253 4500
001 107429
020 _a0570050642
020 _a0758606168
041 _apor
090 _aP SK 232 MAI
092 _a98023475
100 _aMaier, Paul L.
250 _a. ed.
300 _a32 p.
697 _aJesus Christ - Nativity
697 _aChristmas.
697 _aBible stories.
697 _aBible stories - N.T.
856 _u00002a/00002a0b.jpg
040 _aBR-BrIDEA
_cBR-BrIDEA
245 1 0 _aThe very first Christmas
_c Paul L Maier
260 _aLondon
_bConcordia Pub. House
_c1998
942 _cBK
999 _c107429
_d107429